000 00336nam a22001217a 4500
999 _c5453
_d5453
008 250918b ||||| |||| 00| 0 eng d
020 _a9781407197272
082 _a823.92 HAR
100 _aHARDY,VASHTI
_eAUTHOR
_lENGLISH
245 _aCROWFALL
260 _aEUSTON HOUSE,24 EVERSHOLT STREET,LONDON,NW1 1DB
_bSCHOLASTIC
_c2021
942 _2ddc